Kviz o Zagrebačkoj županiji - Statistics

General Stats
  • This quiz has been taken 4 times
  • The average score is 14 of 25
Answer Stats
Hint Answer % Correct
Kontroverzni zagrebački nadbiskup za vrijeme Drugog svjetskog rata Alojzije Stepinac
100%
Modernistički književnik (U registraturi) Ante Kovačić
100%
Feministička novinarka i spisateljica (Grička vještica) Marija Jurić Zagorka
100%
Proizvođač električnih automobila sa sjedištem u Svetoj Nedelji Mate Rimac
100%
Ban, vojskovođa, pjesnik i urotnički suučesnik Frana Krsta Frankopana Petar Zrinski
100%
Popularna slastica; često se uspoređuje s bledskom varijantom samoborska {kremšnita}
100%
Starorimsko naselje i arheološki park na mjestu današnjeg Šćitarjeva Andautonija
67%
Ukrašeni kolač od slatkog tijesta, obično u obliku srca licitar
67%
Vlak koji je većinom 20. st. spajao Zagreb sa Samoborom Samoborček
67%
Predsjednik HSS-a koji je odigrao važnu ulogu u stvaranju Banovine Hrvatske Vladko Maček
67%
Nadimak Zagrebačke županije zbog geografskog oblika zeleni {prsten}
67%
Bioraznoliki park prirode s ostacima srednjovjekovnih utvrda i tabora prapovijesnih lovaca na mamute Žumberak-Samoborsko gorje
67%
Kajkavski pjesnik (Ciklame, krvave ciklame) Dragutin Domjanić
33%
Znameniti primjeri narodne barokne arhitekture u Turopolju {drvene} crkve
33%
Zagrebački nadbiskup za vrijeme socijalizma i Domovinskog rata Franjo Kuharić
33%
Veteran opsade Sigeta i gušitelj gorenavedene seljačke bune Gašpar Alapić
33%
Rock-opera o Hrvatsko-slovenskoj seljačkoj buni iz 1573. Gubec-beg
33%
Svećenik, pisac, glazbeni teoretičar i matematičar (Arithmetika Horvatzka) Mihalj Šilobod
33%
Operna pjevačica poznata po interpretacijama Puccinija i Wagnera Milka Trnina
33%
Zaprešićki vlastelinski kompleks čiji su vlasnici bili obitelj dotičnog urotnika, kao i ban Jelačić i Ante Pavelić {Novi} dvori
33%
Pjesnik, svećenik i preporoditelj (Kip domovine vu početku leta 1831.) Pavao Štoos
33%
Puristički jezikoslovac (Barbarizmi u hrvatskom jeziku) Vatroslav Rožić
33%
Svojevrsna prigorska pizza vrbovečka {pera}
33%
Crno aromatizirano vino bermet
0%
Preporoditelj i romantički skladatelj (Još Hrvatska ni propala) Ferdo Livadić
0%
No matching quizzes found
Score Distribution
Percent of People with Each Score
Percentile by Number Answered
Your Score History
You have not taken this quiz